khel chikitsa physiotherepy tatha punarvas (Record no. 56755)
[ view plain ]
| 000 -LEADER | |
|---|---|
| fixed length control field | 00314nam a22001337a 4500 |
| 003 - CONTROL NUMBER IDENTIFIER | |
| control field | OSt |
| 005 - DATE AND TIME OF LATEST TRANSACTION | |
| control field | 20230613085638.0 |
| 008 - FIXED-LENGTH DATA ELEMENTS--GENERAL INFORMATION | |
| fixed length control field | 230613b |||||||| |||| 00| 0 eng d |
| 040 ## - CATALOGING SOURCE | |
| Transcribing agency | sero soft |
| 100 ## - MAIN ENTRY--PERSONAL NAME | |
| Personal name | Thakur,Jitender |
| 245 ## - TITLE STATEMENT | |
| Title | khel chikitsa physiotherepy tatha punarvas |
| 300 ## - PHYSICAL DESCRIPTION | |
| Extent | 250 |
| 942 ## - ADDED ENTRY ELEMENTS (KOHA) | |
| Source of classification or shelving scheme | |
| Koha item type | Text-Book- for 7 days |
| Withdrawn status | Lost status | Source of classification or shelving scheme | Damaged status | Not for loan | Home library | Current library | Date acquired | Cost, normal purchase price | Inventory number | Total Checkouts | Barcode | Date last seen | Date last checked out | Price effective from | Koha item type |
|---|---|---|---|---|---|---|---|---|---|---|---|---|---|---|---|
| IIMT University College of Education-B.P.Ed | IIMT University College of Education-B.P.Ed | 06/13/2023 | 300.00 | SP/IN-23767 3-6-23 | 1 | 17-B-3545 | 11/04/2025 | 10/31/2025 | 06/13/2023 | Text-Book- for 7 days | |||||
| IIMT University College of Education-B.P.Ed | IIMT University College of Education-B.P.Ed | 10/31/2025 | 10/31/2025 | 10/31/2025 | Text-Book- for 7 days |

